00474cam a22001698i 45000010009000000050017000090080041000260200018000670400013000850820019000981000022001172450055001392600041001943000011002356500040002466500018002862289129320250411105605.0221128s2023 nju b 001 0 eng  a9781119779827 cPK-LaUMT00a616.042bMCL-N1 aMcLaren, Shawn W.10aNutrition and global health /cby Shawn W. McLaren aChichester :bWiley Blackwell,c2023 a244 p.12aNutritional Physiological Phenomena22aGlobal Health